| 000 | 00579cam a2200193 4500500 | ||
|---|---|---|---|
| 005 | 20260329002531.0 | ||
| 041 | _afre | ||
| 042 | _adc | ||
| 100 | 1 | 0 |
_aLacroix, Alexandre _eauthor |
| 245 | 0 | 0 | _aQuel contenu donner à un cours de morale? |
| 260 | _c2012. | ||
| 500 | _a36 | ||
| 690 | _aÉcole | ||
| 690 | _aMorale | ||
| 690 | _aPolitique | ||
| 690 | _aVincent Peillon | ||
| 786 | 0 | _nPhilosophie magazine | 64 | 11 | 2012-11-01 | p. 10-10 | 1951-1787 | |
| 856 | 4 | 1 | _uhttps://shs.cairn.info/magazine-philosophie-magazine-2012-11-page-10?lang=fr&redirect-ssocas=7080 |
| 999 |
_c1815940 _d1815940 |
||